Giáo trình múa dân tộc Tày

محفوظ في:
التفاصيل البيبلوغرافية
المؤلف الرئيسي: Đỗ, Thị Thu Hằng
مؤلف مشترك: Trường Cao đẳng múa VIệt Nam
التنسيق: كتاب
منشور في: Hà Nội Văn hóa dân tộc 2014
الموضوعات:
الوسوم: إضافة وسم
لا توجد وسوم, كن أول من يضع وسما على هذه التسجيلة!
Thư viện lưu trữ: Trung tâm Học liệu Lê Vũ Hùng, Trường Đại học Đồng Tháp
LEADER 00837pam a22002538a 4500
001 00038748
005 20171026081025.0
008 170516s2014 ||||||Viesd
041 0 # |a Vie 
082 1 4 |a 792.8  |b GI108TR 
100 1 # |a Đỗ, Thị Thu Hằng 
110 1 # |a Trường Cao đẳng múa VIệt Nam 
245 1 0 |a Giáo trình múa dân tộc Tày  |c Đỗ Thị Thu Hằng (biên soạn) 
260 # # |a Hà Nội  |b Văn hóa dân tộc  |c 2014 
300 # # |a 119tr.  |c 29 cm 
653 # # |a Giáo trình 
653 # # |a múa dân tộc 
653 # # |a Tày 
852 # # |b Kho mượn  |j KGT.0052892 
852 # # |b Kho đọc  |j KD.0022059 
852 # # |j KD.0022059  |j KGT.0052892 
910 |d 16/05/2017 
980 # # |a Trung tâm Học liệu Lê Vũ Hùng, Trường Đại học Đồng Tháp